000 00632nam a22002057a 4500
003 OSt
005 20160913160222.0
008 160323b xxu||||| |||| 00| 0 eng d
020 _a978-0-12-37467-4
040 _cLIC
082 _22010
_aDC 363.25968
_bH19
245 _aHandbook of digital forensic and investigation/
_cEdited by Eoghan Casey.
260 _aAmsterdam:
_bElsevier Academic Press,
_cc2010.
300 _axxvi, 567 pages:
_billustrations;
_c23 cm.
365 _b4,495.00
_cPhp
500 _aIncludes index.
650 0 _94365
_aComputer crimes
_xInvestigation
650 0 _94366
_aCriminal evidence.
942 _2ddc
_cDC
999 _c1439
_d1439